| 000 | 00422nam a22001697a 4500 | ||
|---|---|---|---|
| 005 | 20260413162228.0 | ||
| 008 | 160613b xxu||||| |||| 00| 0 eng d | ||
| 020 | _a978-034911-298-5 | ||
| 041 | _aeng | ||
| 082 | _a323.092 | ||
| 100 |
_aCar _91780 |
||
| 245 | _aThe Autobiography of Martin Luther King Jr. | ||
| 260 |
_bABACUS _c2002 |
||
| 300 | _a390 | ||
| 650 |
_aBiography of civil rights leaders _98992 |
||
| 942 | _cBK | ||
| 999 |
_c2502 _d2501 |
||